01023nas a2200277Ia 4500001001600000003001000016008004100026040002500067041001300092100002400105210002300129222002300152245006700175250001100242260000900253501012300262300001600385362001600401500006600417650002700483700001100510942000700521957000600528999003300534952017800567A05/R056-29216 IT-MiCISF161014c99999999xx |||||||||||| ||und|| aIT-MiCISFcIT-MiCISF aITALIANO aCentro "A. Maderna" aOggidomani anziani aOggidomani anziani 0aDocumentazione, formazione e ricerche sulla condizione anziana a1a ed. c1999 bCISF - Centro Internazionale Studi Famiglia - Via Giotto, 36 20145 MILANO (non commercial uses only)cCopyright 2016 app. 125-134 an. 2 [1999] a Tema: anziani, servizi, società, solidarietà, esperienze aterza etàvantologia aAA.VV. cCR 71 a29216bSig1c231796d231796 0010406A_05_000000000000000_R0562921671aCISFbCISFd2016-10-14l0oA05/R056-29216 r2016-10-14 00:00:00w2016-10-14yCRzData import 15.10.2016 / by Epidotti, Vaglietti